| 000 | 01080 a2200241 4500 | ||
|---|---|---|---|
| 020 | _a8181284917 | ||
| 020 | _a9788181284914 | ||
| 090 |
_c607 _d607 |
||
| 100 | 1 | _aLevi. | |
| 245 | 1 | 4 |
_aThe logic of logistics / _cLevi. |
| 260 |
_a[S.l.] : _bSpringer, India, Private Ltd, _c2008. |
||
| 300 | _a1 v. (unpaged) | ||
| 500 | _aPaperback. | ||
| 520 | _aThe goal of the book is to present the state of the art in the science of logistics management. As a result, the authors have written a timely and authoritative survey of this field that many practitioners and researchers will find makes an invaluable companion to their work. | ||
| 650 | 4 | _aTechnology: General & Reference. | |
| 650 | 4 | _aMathematics & science. | |
| 650 | 4 | _aTechnology, engineering, agriculture. | |
| 650 | 4 | _aSCIENCE / General. | |
| 650 | 4 | _aTechnology & Engineering / General. | |
| 856 | 4 | 0 |
_3Amazon.com _uhttp://www.amazon.com/exec/obidos/ASIN/8181284917/chopaconline-20 |
| 856 | 4 | 0 |
_3Amazon customer reviews _uhttp://www.chopac.org/cgi-bin/tools/azrev.pl?q=8181284917 |
| 942 |
_aNBS _cBK _k658.5 SIM |
||
| 999 |
_c343160 _d343160 |
||